[Event "St Petersburg-ch (Women)"]
[Site "St Petersburg"]
[Date "1999.04.15"]
[Round "10"]
[White "Sakaeva, N."]
[Black "Rakitskaja, Mariya"]
[Result "1/2-1/2"]
[WhiteElo "2015"]
[BlackElo "2201"]
[PlyCount "32"]
[EventDate "1999.04.??"]
[EventType "tourn"]
[EventRounds "11"]
[EventCountry "RUS"]
[SourceTitle "CBM 070 Extra"]
[Source "ChessBase"]
[SourceDate "1999.07.10"]
[SourceVersion "1"]
[SourceVersionDate "1999.07.10"]
[SourceQuality "1"]

1. d4 Nf6 2. Nf3 e6 3. Bg5 Be7 4. e3 c5 5. c3 b6 6. Nbd2 Bb7 7. Bd3 Nc6 8. 0-0 0-0 9. Bh4 Rc8 10. Qe2 Nd5 11. Bg3 Nf6 12. h3 d6 13. Rac1 Re8 14. Rfd1 Bf8 15. Bh4 Be7 16. Bg3 Bf8 1/2-1/2